Statistics for People by world records

Click here to take the quiz!

General Stats

  • This quiz has been taken 19 times
  • The average score is 4 of 10

Answer Stats

HintAnswer% Correct
Fastest humanUsain Bolt
94%
Highest scoring footballerPelé
72%
Tallest humanRobert Wadlow
56%
Best selling solo artistElvis Presley
56%
Leader with the higest death tollMao Zedong
50%
Longest reigning non royal leaderFidel Castro
22%
Longest lived humanJeanne Calment
11%
Heaviest humanJon Minnoch
11%
Official longest reigning monarchSobhuza II
0%
Painter of the most expensive paintingPaul Gauguin
0%

Score Distribution

Percentile by Number Answered

Percent of People with Each Score

Your Score History

You have not taken this quiz